1256 1111 1117 1267 1974 1077 1769 1844 1871 1592 1652 1072 1843 1109 1519 1891 1006 1059 1643 1056 1070 1100 1458 1854 1549 1077 1062 1663 1145 1698 1159 1439 1590 1290 1825 1851 1481 1734 1895 1268 1033 1643 1494 1001 1078 1304 1287 1404 1242 1111 1041 1962 1912 1461 1283 1249 1074 1412 1199 1208 1112 1516 1257 1278 1615 1566 1351 1178 1222 1069 1369 1821 1211 1011 1647 1689 1734 1159 1125 1490 1827 1397 1582 1441 1215 1309 1830 1027 1362 1452 1259 1769 1345 1984 1366 1211 1528 1371 1183 BCNSPRNW ULIB Ver.6.0+V

เปลี่ยนเป็นภาษาไทย

Change to English
 แสดงรายละเอียดบรรณานุกรม
  กลับหน้าหลัก

Brief Record : Get Marc (ISO 2709) : E-mail record : QR code < ปิดหน้าต่าง
LEADER : 00000nam 2200000uu 4500
001    13399108323
003     ULIB
008    110301s2550||||th 000 0 tha d
020    9747153521
050  4 PN1381^bศ281พ 2550
100 0  ศรีอัมพร ประทุมนันท์
245 00 เพลงพื้นบ้านกับการสอนภาษาไทย/^cศรีอัมพร ประทุมนันท์
250    พิมพ์ครั้งที่ 2
260    กรุงเทพฯ:^bศรีเมืองการพิมพ์,^c2550
300    110 หน้า
650  7 ภาษาไทย^xการใช้ภาษา
700 0  กานต์ธิดา ประทุมนัน,^eบรรณาธิการ
945    ^p199^l0^i027105
945    ^p199^l0^i027106
995    ทศพร
999 ^a ใช้งานได้ทุกระบบ
รายการนี้ยังไม่มีแท็ก
คุณยังไม่ได้ล็อกอิน คุณสามารถมีกิจกรรมร่วมกับเว็บไซต์ได้ แต่ต้องล็อกอินก่อน ::
  ล็อกอิน

รายการสื่อสารสนเทศ

ลำดับที่ ประเภท เลขเรียก/บาร์โค้ด สถานที่ สถานะ
- ไม่พบข้อมูล -

รายการใกล้เคียง
    ผู้แต่ง [ศรีอัมพร ประทุมนันท์]

BibComment


ยังไม่เคยถูกคอมเมนท์

คอมเมนท์ทรัพยากรรายการนี้
  คอมเมนท์: เพลงพื้นบ้านกับกา..


 Copyright 2026. Bcnsprnw @Library